| 000 | 00630nam a2200193Ia 4500 | ||
|---|---|---|---|
| 999 |
_c27958 _d27958 |
||
| 003 | GCL | ||
| 005 | 20240530101824.0 | ||
| 008 | 140319s9999 xx 000 0 ara d | ||
| 040 |
_aGCL / _cGCL |
||
| 082 | 0 | 4 |
_a071.962 _bل ت |
| 100 | 1 | _aليلى عبدالمجيد | |
| 245 | 1 | 0 |
_aتطور الصحافة المصرية من 1952 الى 1981 / _cليلى عبدالمجيد |
| 260 |
_aالقاهرة : _bالعربى للنشر والتوزيع |
||
| 300 |
_a125 ص ؛ _c24 سم |
||
| 490 |
_aدراسات فى الاعلام _v0 |
||
| 650 | 0 | 4 | _aالصحافة المصرية |
| 650 | 0 | 4 | _aالصحافة |
| 942 |
_2ddc _cBK |
||